000 01645nam a2200289Ia 4500
999 _c56215
_d56215
001 23316
003 GE_BSU
005 20251204160332.0
008 181216s1991||||geo|||||||||||||| ||geo||
020 _a5-520-00966-x
040 _cGE_BSU
041 _ageo
080 _a94(479.22)".../05"(093)+930.2(479.22) გ-63
100 _aგოილაძე, ვ.
_926350
245 _aვახტანგ გორგასალი და მისი ისტორიკოსი /
_cვახტანგ გოილაძე ; რედ.: მ. ლორთქიფანიძე ; საქ. მეცნ. აკად., ივ. ჯავახიშვილის სახ. ისტორიის, არქეოლ. და ეთნოგრ. ინ-ტი.
264 _aთბილისი :
_bმეცნიერება,
_c1991
300 _a217გვ. ;
_c20 სმ.
520 _aრეზიუმე ქართულ და რუსულ ენაზე
541 _h7 ლ.
653 _aვახტანგ I გორგასალი
653 _aვახტანგ გორგასალი და მისი ისტორიკოსი
653 _aისტორია
700 _aლორთქიფანიძე, მარიამი
_eრედაქტორი
_926351
700 _aლომიძე, გ.
_eმხატვარი
_97583
710 _aსაქ. მეცნ. აკად., ივ. ჯავახიშვილის სახ. ისტორიის, არქეოლ. და ეთნოგრ. ინ-ტი
_926352
942 _cBK
_2udc